[Event "ROM-ch U10 Girls"]
[Site "Baile Felix"]
[Date "2017.02.05"]
[Round "5"]
[White "Chira Jurj, Alesia Maria"]
[Black "Stroia, Nadina Stefania"]
[Result "1/2-1/2"]
[WhiteElo "1305"]
[BlackElo "1198"]
[PlyCount "91"]
[EventDate "2017.02.02"]
[EventType "swiss"]
[EventRounds "9"]
[EventCountry "ROU"]
[SourceTitle "CBM 176 Extra"]
[Source "ChessBase"]
[SourceDate "2017.03.02"]
[SourceVersion "1"]
[SourceVersionDate "2017.03.02"]
[SourceQuality "1"]

1. e4 e5 2. Nf3 Nc6 3. Bb5 a6 4. Ba4 Nf6 5. Qe2 Be7 6. c3 d6 7. d3 Bg4 8. Nbd2 0-0 9. 0-0 h6 10. h3 Bh5 11. Rd1 b5 12. Bb3 Qd7 13. Nf1 Rfd8 14. Ng3 Bg6 15. a3 Nh5 16. Nxh5 Bxh5 17. Be3 Na5 18. Bc2 Qe6 19. b4 Nc6 20. d4 exd4 21. cxd4 Bf6 22. Rd2 d5 23. exd5 Rxd5 24. Bf4 Qxe2 25. Rxe2 Rd7 26. Rd2 Nxd4 27. Nxd4 Rxd4 28. Rxd4 Bxd4 29. Bxc7 Bxa1 30. Be4 Re8 31. Bb7 Re1+ 32. Kh2 f6 33. Bxa6 Be5+ 34. Bxe5 Rxe5 35. g4 Bf7 36. f4 Re2+ 37. Kg3 Re3+ 38. Kg2 Bd5+ 39. Kh2 Rxa3 40. Bxb5 Ra2+ 41. Kg3 Rb2 42. Bd7 Rxb4 43. f5 Rb3+ 44. Kh4 Bg2 45. Be6+ Kf8 46. Bxb3 1/2-1/2

[Event "ROM-ch U10 Girls"]
[Site "Baile Felix"]
[Date "2017.02.05"]
[Round "4"]
[White "Ciocan, Ariana Roxana"]
[Black "Chira Jurj, Alesia Maria"]
[Result "1-0"]
[WhiteElo "1374"]
[BlackElo "1305"]
[PlyCount "53"]
[EventDate "2017.02.02"]
[EventType "swiss"]
[EventRounds "9"]
[EventCountry "ROU"]
[SourceTitle "CBM 176 Extra"]
[Source "ChessBase"]
[SourceDate "2017.03.02"]
[SourceVersion "1"]
[SourceVersionDate "2017.03.02"]
[SourceQuality "1"]

1. e4 e5 2. Nf3 Nc6 3. Bc4 Bc5 4. c3 h6 5. d4 exd4 6. cxd4 Bb4+ 7. Bd2 Bxd2+ 8. Nbxd2 d6 9. Qb3 Qe7 10. 0-0 Bg4 11. Qxb7 Rd8 12. Qxc6+ Rd7 13. Bb5 Nf6 14. Qa8+ Qd8 15. Qxd8+ Kxd8 16. Bxd7 Nxd7 17. h3 Bxf3 18. Nxf3 Re8 19. e5 dxe5 20. Nxe5 Nxe5 21. dxe5 Rxe5 22. Rad1+ Ke7 23. Rfe1 Rxe1+ 24. Rxe1+ Kd7 25. Kf1 c5 26. Re2 Kc6 27. Rc2 1-0

[Event "ROM-ch U10 Girls"]
[Site "Baile Felix"]
[Date "2017.02.04"]
[Round "3"]
[White "Chira Jurj, Alesia Maria"]
[Black "Milea, Clara Andreea"]
[Result "1-0"]
[WhiteElo "1305"]
[BlackElo "1001"]
[PlyCount "159"]
[EventDate "2017.02.02"]
[EventType "swiss"]
[EventRounds "9"]
[EventCountry "ROU"]
[SourceTitle "CBM 176 Extra"]
[Source "ChessBase"]
[SourceDate "2017.03.02"]
[SourceVersion "1"]
[SourceVersionDate "2017.03.02"]
[SourceQuality "1"]

1. e4 e5 2. Nf3 Nc6 3. Bb5 a6 4. Ba4 d6 5. c3 Bd7 6. d3 Nf6 7. Nbd2 Be7 8. Nf1 0-0 9. Ng3 d5 10. 0-0 dxe4 11. dxe4 Bg4 12. Qe2 Qd7 13. Qd1 Qxd1 14. Bxd1 Rad8 15. h3 Bh5 16. Re1 Rd7 17. Nxh5 Nxh5 18. Nxe5 Nxe5 19. Bxh5 Nd3 20. Rd1 Bc5 21. Be3 Be7 22. b4 Bh4 23. a3 Rfd8 24. g3 Bf6 25. Bg4 Rd6 26. Bc5 Bxc3 27. Bxd6 Bxa1 28. Bxc7 Rd4 29. Rxa1 Rxe4 30. Bf5 Rd4 31. Bxd3 Rxd3 32. Re1 f6 33. Re3 Rd1+ 34. Kg2 Kf7 35. f4 Rc1 36. Bd6 Rc2+ 37. Kf3 Rd2 38. Bc5 Rd1 39. a4 Rf1+ 40. Kg2 Rd1 41. b5 a5 42. Bb6 Rd2+ 43. Kf3 Ra2 44. Bxa5 Rxa4 45. Bc7 Rb4 46. b6 g6 47. g4 f5 48. gxf5 gxf5 49. Re5 Kf6 50. Kg3 Rb3+ 51. Kh4 Rb4 52. Bd8+ Kg6 53. Kg3 h6 54. Re6+ Kf7 55. Rf6+ Ke8 56. Bc7 Rb3+ 57. Kh4 Ke7 58. Rxf5 Kd7 59. Be5 Rxb6 60. Rh5 Rb5 61. Bg7 Rb4 62. Rxh6 Rb3 63. Kg5 Rb5+ 64. f5 Ke7 65. Kg6 Rb6+ 66. f6+ Kd7 67. Kh7 Ra6 68. f7 Ra8 69. f8Q Rxf8 70. Bxf8 Ke8 71. Rf6 b6 72. Kg6 b5 73. h4 b4 74. Rb6 Kxf8 75. h5 Ke8 76. h6 Kd8 77. Rb7 Kc8 78. Rg7 b3 79. h7 b2 80. h8Q# 1-0

[Event "ROM-ch U10 Girls"]
[Site "Calimanesti Caciulata"]
[Date "2016.04.22"]
[Round "6"]
[White "Chira Jurj, Alesia Maria"]
[Black "Calianu Voinea, Maria Raisa"]
[Result "0-1"]
[WhiteElo "1001"]
[BlackElo "1001"]
[PlyCount "40"]
[EventDate "2016.04.18"]
[EventType "swiss"]
[EventRounds "9"]
[EventCountry "ROU"]
[SourceTitle "CBM 172 Extra"]
[Source "ChessBase"]
[SourceDate "2016.06.21"]
[SourceVersion "1"]
[SourceVersionDate "2016.06.21"]
[SourceQuality "1"]

1. e4 e5 2. Nf3 Nf6 3. Nc3 h6 4. Be2 Be7 5. 0-0 0-0 6. d3 d6 7. Bd2 Nc6 8. h3 Kh8 9. b3 a6 10. a4 Be6 11. Kh1 Qd7 12. Qe1 Bxh3 13. gxh3 Qxh3+ 14. Nh2 Rg8 15. Bf3 Nd4 16. Bg2 Qh5 17. Rb1 Ng4 18. Bf4 exf4 19. Bh3 Qxh3 20. Qe2 Qxh2# 0-1